Segmentácia oblastí svetelného znečistenia zo satelitných snímok

Saved in:
Bibliographic Details
Main Author: Martinčeková, Slávka (Author)
Other Authors: Kollár, Michal (Thesis advisor)
Format: Manuscript Book
Language:Slovak
Published: 2024
Subjects:
Online Access:http://is.stuba.sk/zp/portal_zp.pl?podrobnosti=167924
https://opac.crzp.sk/?fn=detailBiblioForm&sid=F0082B7A009D1614B9C615B883AC
Tags: Add Tag
No Tags, Be the first to tag this record!

MARC

LEADER 00000ntm a22000003a 4500
001 stuzp99808
003 SK-STU
005 20240925102113.5
007 ta
008 150427s2015----xo-----f-mn---000-0-slo-d
040 |a STU  |b slo 
041 0 |a slo 
100 1 |a Martinčeková, Slávka  |u 010220  |4 aut  |U SvF Stavebná fakulta  |T SvF Katedra matematiky a deskriptívnej geometrie  |X 115286  |U V220  |Y 23  |7 115286 
242 0 1 |a Segmentation of areas affected by light pollution from satellite images  |y eng 
245 1 0 |a Segmentácia oblastí svetelného znečistenia zo satelitných snímok 
260 |c 2024 
650 4 |a orientované izočiary  |2 slo 
650 4 |a segmentácia  |2 slo 
650 4 |a difúzna filtrácia  |2 slo 
650 4 |a krivostná filtrácia  |2 slo 
650 4 |a curvature filtering  |2 eng 
650 4 |a oriented isocurves  |2 eng 
650 4 |a diffuse filtering  |2 eng 
650 4 |a segmentation  |2 eng 
700 1 |a Kollár, Michal  |u 010220  |k Z2  |4 ths  |U SvF Stavebná fakulta  |T SvF Katedra matematiky a deskriptívnej geometrie  |X 67743  |U V220  |Y 23  |7 A000067743 
856 4 |u http://is.stuba.sk/zp/portal_zp.pl?podrobnosti=167924 
856 4 |u https://opac.crzp.sk/?fn=detailBiblioForm&sid=F0082B7A009D1614B9C615B883AC